Statistics for Random Words That Start with A

Click here to take the quiz!

General Stats

  • This quiz has been taken 40 times
  • The average score is 11 of 16

Answer Stats

Answer% Correct
Alabama
97%
Ape
92%
Algebra
87%
Artificial Intelligence
87%
Amethyst
79%
Aubergine
79%
Anteater
76%
Alien
74%
Americas
74%
Artichoke
71%
Antenna
66%
Aurora Borealis
61%
Acid
55%
Agave
42%
Air Force 1s
21%
Apollo 11
16%

Score Distribution

Percentile by Number Answered

Percent of People with Each Score

Your Score History

You have not taken this quiz